000 00627nam a2200181 4500
001 138013
003 ES-MaACL
005 20250812171206.0
007 t|
008 070214s1983 sp r ||||1| spa d
100 1 _aSánchez Juan, Julio.
_9102718
245 1 0 _aFisiopatología de los traumatismos craneo-encefálicos
_b: revisión actual /
_cJulio Sánchez Juan ; prólogo... S. Obrador Alcalde.
260 _aOviedo :
_b[s. n.],
_c1983 (
_fGráf. Summa)
300 _a275 p. :
_bil. ;
_c24 cm.
700 1 _aObrador Alcalde, Sixto,
_d1911-1978
_986417
852 _aES-MaACL
_jL-5119
_bR.105627
999 _c138013
_d138013